00801nam a2200181 a 4500003000200000005001700002008004100019050003500060100002800095245013300123260009200256300004000348504004100388650004200429650004800471650004600519650005400565020250415154036.0970101s19uu xx 00 eng d aPGS PN 1992.77.M48b.C113 2004 aCabasal, Lois Dianne S. aPopularity of Meteor Garden among grade four students of Southville International School and Colleges /cLois Dianne S. Cabasal. aLas Piñas City, Philippines : bSouthville International School and Colleges,c2004. a34 pages :billustrations ;c28 cm. aIncludes bibliographical references. aMeteor Garden (Television program).  aTelevision programsvChildrenzPhilippines. aPopular culturevInfluence on children.  aTelevision viewing habitsvGrade school students.